Normal view
MARC view
Entry Personal Name
001 - CONTROL NUMBER
- control field: 160327
003 - CONTROL NUMBER IDENTIFIER
- control field: OSt
005 - DATE AND TIME OF LATEST TRANSACTION
- control field: 20220923211357.0
008 - FIXED-LENGTH DATA ELEMENTS
- fixed length control field: 220923|| aca||aabn | a|a d
040 ## - CATALOGING SOURCE
- Original cataloging agency: OSt
- Transcribing agency: OSt
100 ## - HEADING--PERSONAL NAME
- Personal name: किशोराणी, प्रकाशचन्द्र ए
670 ## - SOURCE DATA FOUND
- Source citation: Work cat.: (OSt)298900: किशोराणी, प्रकाशचन्द्र ए., नागेशभट्ट का व्याकरण - दर्शन - चिन्तन, 2010
